Регионална библиотека "Любен Каравелов" - Русе

Попиващият ум (Запис номер 204301)

MARC детайли
000 -Лидер
Контролно поле с фиксирана дължина 02225nam a2200445 c 4500
003 - Код на организацията, давaща контролен номер
Контролно поле BLK
005 - Дата и час на последна редакция
Контролно поле 20250703110826.0
008 - Елементи от данни с фиксирана дължина
fixed length control field 180411b bul|||||r ||||||| ||bul||
010 ## - Наследен системен номер
LC control number KNG00213858000
020 ## - Международен стандартен номер на книга ISBN
Международен стандартен номер на книга ISBN 978-619-7356-09-0
-- издат.: Асеневци
040 ## - Източник на каталожния запис
Идентификатор на билиотеката - собственик на записа BLK
041 ## - Код за език
Код за езика на текст/звукозапис или на отделно заглавие Български
Код за езика КДБФ Български
072 #7 - Код за тематичната категория
Код организация bullib
Код за тематична категория Н37
Текст Образование. Педагогика Н
080 ## - УДК
Текстов определител УДК Психология на детската възраст. Интелектуално развитие на децата. Психически особености. Детски представи, описани в разкази
УДК код - определител по УДК 159.922.7
УДК определител
УДК - код + определител 159.922.7
080 ## - УДК
Текстов определител УДК Монтесори
УДК код - определител по УДК 371.481
УДК определител (45)
УДК - код + определител 371.481(45)
080 ## - УДК
Текстов определител УДК Педагогическа психология
УДК код - определител по УДК 37.015.3
УДК определител
УДК - код + определител 37.015.3
080 ## - УДК
Текстов определител УДК Основни форми на възпитание и образование
УДК код - определител по УДК 37.018
УДК определител
УДК - код + определител 37.018
100 1# - Редна дума - Автор
Автор Монтесори, Мария
Авторска отговорност първи автор
R(LIN) 98996
139 ## - Редно поле
Редна дума Монтесори, Мария
Авторски знак Мони - М 87
245 10 - Сведения за заглавието
Заглавие Попиващият ум
Редно поле (дума) Мария Монтесори; прев. от англ. Десислава Чешмеджиева-Стойчева; консултант Диана Манова.
257 ## - Страна на издаване
Страна на създаване/издаване Италия
260 ## - Област на издателските данни
-- В. Търново
Име на издателя, разпространителя и проч. Асеневци
Година на издаване 2017
300 ## - Физическа характеристика
Страници 352 с.
Размери/Мащаб 22 см
380 ## - Жанр
Жанр Обществени науки
500 ## - Общи забележки
Забележка Прев. от The Absorbent Mind / Maria Montessori.
650 #4 - Допълнително описание по предмет – тема
Основно описание – тема или топоним Предучилищно възпитание
9 (RLIN) 241578
650 #4 - Допълнително описание по предмет – тема
Основно описание – тема или топоним Детска и педагогическа психология
9 (RLIN) 244538
653 ## - Ключова дума – ненормативна
Ключова дума предучилищно възпитание
653 ## - Ключова дума – ненормативна
Ключова дума детска психология
653 ## - Ключова дума – ненормативна
Ключова дума педагогическа психология
659 ## - Тематичен бюлетин
Тематичен бюлетин Н
700 1# - Други автори (авторска отговорност)
Лично име Чешмеджиева-Стойчева, Десислава
Автороска отговорност (Описва отношението между автора и произведението) прев. от англ.
9 (RLIN) 344837
700 1# - Други автори (авторска отговорност)
Лично име Манова, Диана
Автороска отговорност (Описва отношението между автора и произведението) консултант
9 (RLIN) 344838
852 ## - Местоположение
Форматна сигнатура Цб 287904
856 4# - Електронен адрес и достъп
Електронен формат pdf - файл
Път до файла /url/
856 4# - Електронен адрес и достъп
Електронен формат pdf - файл
Път до файла /url/
942 ## - АРТИКУЛИ
Вид на библиотечния материал Книги
Скрит в OPAC Не
Koha issues (borrowed), all copies 32
944 ## - СЪЗДАВАНЕ И РЕДАКЦИЯ на ЗАПИСА
Създаване/Редакция Създаване
Дата на регистрацията/редакция 30.10.2017
Статус, дата на статуса Цветомила Тодорова
Служител, извършил регистрацията/редакцията 30576
944 ## - СЪЗДАВАНЕ И РЕДАКЦИЯ на ЗАПИСА
Създаване/Редакция Редакция
Дата на регистрацията/редакция 16.12.2017
Статус, дата на статуса ф /
Служител, извършил регистрацията/редакцията Виолета_Тройчева
999 ## - СИСТЕМНИ КОНТРОЛНИ НОМЕРА
Koha biblionumber 204301
Koha biblioitemnumber 204301
Наличности
Код за отписване Код за изгубен артикул Източник на класификационната схема Код за повреда Коз за рестрикции Код за отдаване Артикулен № Име на библиотеката - собственик Име на библиотеката, в която се намира в момента Статус (Текущо местоположение) Дата на вписване в системата Местоположение - отдел Цена в лева Инвентарен номер Систематично азбучна сигнатура Баркод Номер на екземпляра Цена в евро Служебна бележка Служебен тип на артикула
  Не е изгубен Universal Decimal Classification Не е повреден без рестрикции заемане за дома 352318 Регионална библиотека "Любен Каравелов" Русе Регионална библиотека "Любен Каравелов" Русе Заемна - подръчен фонд 2017-10-30 Заемна - подръчен фонд 14.96 120000816623 П 159.922.7/М 87 М 120000816623 1 7.65 Дост: Pk Вид: Ф N: 890 Дата: 26.10.2017 Дата инв: 15.03.2018 Бележки инв: П2018 Книги
  Не е изгубен Universal Decimal Classification Не е повреден без рестрикции заемане за дома 861074 Регионална библиотека "Любен Каравелов" Русе Регионална библиотека "Любен Каравелов" Русе Заемна - подръчен фонд 2021-11-10 Заемна - подръчен фонд 15.95   П 159.922.7/М 87 М 120000862279   8.16   Книги
  Не е изгубен Universal Decimal Classification Не е повреден без рестрикции заемане за дома 861075 Регионална библиотека "Любен Каравелов" Русе Регионална библиотека "Любен Каравелов" Русе Заемна - подръчен фонд 2021-11-10 Заемна - подръчен фонд 15.95   П 159.922.7/М 87 М 120000862278   8.16   Книги
Vip Innovations Ltd, Rousse, Bulgaria 2025